Arènes de Rocket League par images - Statistiques

Statistiques générales
  • Ce quiz a été pris 26 fois
  • Le résultat moyen est 8 sur 24
Statistiques - réponses
Par images Réponse % Correct
Neo Tokyo
82%
Farmstead
65%
Parc de Paris
59%
Starbase ARC
59%
AquaDome
53%
Beckwith Park
47%
Champions Field
47%
Mannfield
47%
DFH Stadium
41%
Dunk House
35%
Deadeye Canyon
29%
Forbidden Temple
29%
Salty Shores
29%
Throwback Stadium
29%
Boostfield Mall
24%
Core 707
24%
Rivals Arena
24%
Utopia Coliseum
24%
Wasteland
24%
Estadio Vida
18%
Neon Fields
18%
Urban Central
12%
Drift Woods
6%
Sovereign Heights
6%
Aucun quiz correspondant
Distribution des résultats
% des personnes avec chaque résultat
Percentile par nombre de réponses
Votre historique - résultats
Vous n’avez pas pris ce quiz